| 000 | 00745nam a2200193 i 4500 | ||
|---|---|---|---|
| 001 | 72592 | ||
| 003 | ES-MaACL | ||
| 005 | 20230906171502.0 | ||
| 007 | t| | ||
| 008 | 040902s1947 it ||||1| ita d | ||
| 100 | 1 |
_aGiuliano, Mario. _957367 |
|
| 245 | 1 | 0 |
_aNuovo orientamento del Consiglio di Stato intorno alla questione della competenza per i rapporti di impiego di ciu all'art / _cMario Giuliano. |
| 260 |
_aRoma : _b[s.n.], _c1947. |
||
| 300 |
_a1 v. ; _c24 cm. |
||
| 500 | _aEs Separta de: Giurisprudenza Completa della Cassazione, sezione civili, vol. XXIV. | ||
| 500 | _aPrecede al tít.: Istituto Italiano di Studi Legislativi. | ||
| 710 | 2 |
_aIstituto Italiano di Studi Legislativi. _95299 |
|
| 852 |
_aES-MaACL _j1944-F-15 _bR.31857 |
||
| 999 |
_c72592 _d72592 |
||